Objective electrical, electronics and telecommunication engineering (Record no. 12652)
[ view plain ]
| 000 -LEADER | |
|---|---|
| fixed length control field | 00463nam a22001577a 4500 |
| 020 ## - INTERNATIONAL STANDARD BOOK NUMBER | |
| International Standard Book Number | 8121925711 |
| 082 ## - DEWEY DECIMAL CLASSIFICATION NUMBER | |
| Classification number | 621.3 THE |
| 100 ## - MAIN ENTRY--PERSONAL NAME | |
| Personal name | Theraja, B.L. |
| 245 ## - TITLE STATEMENT | |
| Title | Objective electrical, electronics and telecommunication engineering |
| 260 ## - PUBLICATION, DISTRIBUTION, ETC. | |
| Place of publication, distribution, etc. | New Delhi, India |
| Name of publisher, distributor, etc. | S. Chand & Co. Ltd |
| Date of publication, distribution, etc. | 1982 |
| 300 ## - PHYSICAL DESCRIPTION | |
| Extent | xvi, 484 p. |
| Other physical details | ill. ; |
| 500 ## - GENERAL NOTE | |
| General note | Includes index. |
| 650 ## - SUBJECT ADDED ENTRY--TOPICAL TERM | |
| Topical term or geographic name entry element | 1. Telecommunication 2. Electrical engineering |
| 700 ## - ADDED ENTRY--PERSONAL NAME | |
| Personal name | Pandey, Er. V.K. |
| 942 ## - ADDED ENTRY ELEMENTS (KOHA) | |
| Koha item type | Book |
| Withdrawn status | Lost status | Damaged status | Not for loan | Collection code | Permanent Location | Current Location | Shelving location | Date acquired | Source of acquisition | Cost, normal purchase price | Total Checkouts | Total Renewals | Full call number | Barcode | Date last seen | Date last checked out | Price effective from | Koha item type |
|---|---|---|---|---|---|---|---|---|---|---|---|---|---|---|---|---|---|---|
| Central Library (CL) | Central Library (CL) | General Stacks | 12/27/2013 | Allied Book Company | 741.20 | 7 | 3 | 621.3 THE | SEECS013078 | 02/12/2026 | 09/01/2021 | 01/14/2014 | Book |
